header

Czech Republic (Record no. 165484)

MARC details
000 -LEADER
fixed length control field 01382nam a2200349Ia 4500
100 1# - MAIN ENTRY--AUTHOR NAME
Personal name Nollen, Tim.
245 10 - TITLE STATEMENT
Title Czech Republic
260 ## - PUBLICATION, DISTRIBUTION, ETC. (IMPRINT)
Place of publication Tarrytown, NY :
Name of publisher Marshall Cavendish Editions,
Year of publication 2008.
300 ## - PHYSICAL DESCRIPTION
Number of Pages xi, 292 p. :
Other physical details ill. (some col.), map.
490 1# - SERIES STATEMENT
Series statement Culture shock
650 #0 - SUBJECT ADDED ENTRY--TOPICAL TERM
Topical Term Etiquette
Topical Term National characteristics, Czech.
700 0# - ADDED ENTRY--PERSONAL NAME
Personal name Trigg.
856 40 - ELECTRONIC LOCATION AND ACCESS
Uniform Resource Identifier http://site.ebrary.com/lib/rucke/Doc?id=10676013

No items available.

© 2026 Rongo University
Contact us: librarian | system librarian | Rongo university